Cultura comunitaria e igualdad de género en España (Record no. 61067)

MARC details
000 -LEADER
campo de control de longitud fija 00815nam a2200229Ia 4500
008 - DATOS DE LONGITUD FIJA--INFORMACIÓN GENERAL
campo de control de longitud fija 241031s2024 sp 000 0 spa d
041 ## - CÓDIGO DE IDIOMA
Código de lengua del texto/banda sonora o título independiente spa
245 00 - MENCIÓN DEL TÍTULO
Título Cultura comunitaria e igualdad de género en España
Resto del título : estudio
Mención de responsabilidad, etc. / Camila Mercado ...[et al.]
260 ## - PUBLICACIÓN, DISTRIBUCIÓN, ETC.
Lugar de publicación, distribución, etc. [Madrid] :
Nombre del editor, distribuidor, etc. Instituto de las Mujeres,
Fecha de publicación, distribución, etc. [2024]
300 ## - DESCRIPCIÓN FÍSICA
Extensión 100 p. ;
Dimensiones 30 cm
490 ## - MENCIÓN DE SERIE
Mención de serie Estudios
650 #0 - PUNTO DE ACCESO ADICIONAL DE MATERIA--TÉRMINO DE MATERIA
Término de materia o nombre geográfico como elemento de entrada MUJERES
9 (RLIN) 199
650 #0 - PUNTO DE ACCESO ADICIONAL DE MATERIA--TÉRMINO DE MATERIA
Término de materia o nombre geográfico como elemento de entrada CULTURA
9 (RLIN) 546
650 #0 - PUNTO DE ACCESO ADICIONAL DE MATERIA--TÉRMINO DE MATERIA
Término de materia o nombre geográfico como elemento de entrada IGUALDAD DE GENERO
9 (RLIN) 5513
650 #0 - PUNTO DE ACCESO ADICIONAL DE MATERIA--TÉRMINO DE MATERIA
Término de materia o nombre geográfico como elemento de entrada IGUALDAD DE DERECHOS
9 (RLIN) 1832
650 #0 - PUNTO DE ACCESO ADICIONAL DE MATERIA--TÉRMINO DE MATERIA
Término de materia o nombre geográfico como elemento de entrada ORIENTACION SEXUAL
9 (RLIN) 6099
700 1# - ENTRADA AGREGADA--NOMBRE PERSONAL
9 (RLIN) 39410
Nombre de persona MERCADO, Catalina
710 2# - ENTRADA AGREGADA--NOMBRE DE ENTIDAD CORPORATIVA
Nombre de entidad corporativa o nombre de jurisdicción como elemento de entrada INSTITUTO DE LAS MUJERES
Término indicativo de función/relación ed.
9 (RLIN) 37909
Sede del congreso/Lugar de la reunión España
710 2# - ENTRADA AGREGADA--NOMBRE DE ENTIDAD CORPORATIVA
Nombre de entidad corporativa o nombre de jurisdicción como elemento de entrada ESPAÑA
Unidad subordinada Ministerio de Igualdad
9 (RLIN) 14977
856 ## - LOCALIZACIÓN Y ACCESO ELECTRÓNICOS
Identificador Uniforme de Recursos <a href="https://docpublicos.ccoo.es/cendoc/069825CulturaComunitaria.pdf">https://docpublicos.ccoo.es/cendoc/069825CulturaComunitaria.pdf</a>
Nota pública PDF
942 ## - ELEMENTOS DE ENTRADA SECUNDARIOS (KOHA)
Tipo de ítem Koha Monografía
Fuente del sistema de clasificación o colocación Clasificación Decimal Dewey
Holdings
Estatus retirado Estado de pérdida Fuente del sistema de clasificación o colocación Estado de daño No para préstamo Biblioteca de origen Biblioteca actual Fecha de adquisición Número de inventario Total de préstamos Código de barras Visto por última vez Precio de reemplazo Tipo de ítem Koha
    Clasificación Decimal Dewey     CENDO CENDO 31/10/2024 069825   2024-2407 31/10/2024 31/10/2024 Monografía